Rozhovory v manažerské praxi Jak mluvit, naslouchat a vést lidi k zodpovědnosti

Saved in:
Bibliographic Details
Main Author Bermann, Eduard
Format Electronic eBook
LanguageCzech
Published Grada 2026
Edition1. elektronické vydání
Subjects
Online AccessDostupné v BOOKPORT po přihlášení pomocí eduID
ISBN978-80-271-6254-3
978-80-271-6058-7
Physical Description1 online zdroj (160 stran)

Cover

LEADER 00000nam a2200000 i 4500
001 bkp15192
003 CZ-prgp
005 20260407112622.0
006 m o d
007 cr cn
008 260407s2026 xr o 000 0 cze
020 |a 978-80-271-6254-3  |c 280 Kč  |q (online ; pdf) 
020 |a 978-80-271-6058-7  |c 334 Kč  |q (print) 
040 |a Grada  |b cze  |e rda 
100 1 |a Bermann, Eduard 
245 1 0 |a Rozhovory v manažerské praxi  |b Jak mluvit, naslouchat a vést lidi k zodpovědnosti  |c Eduard Bermann 
250 |a 1. elektronické vydání 
264 1 |b Grada  |c 2026 
300 |a 1 online zdroj (160 stran) 
336 |a text  |b txt  |2 rdacontent 
337 |a počítač  |b c  |2 rdamedia 
338 |a online zdroj  |b cr  |2 rdacarrier 
520 3 |a Proč lidé neplní, co slíbí? Proč se vymlouvají, čekají na zadání a vyhýbají se zodpovědnosti? Tato kniha vám ukáže, jak budovat kulturu zodpovědnosti, ve které zaměstnanci přebírají iniciativu a plní dohody. Naučí vás vést klíčové manažerské rozhovory jasně, férově a funkčně. 
650 0 4 |a Personalistika 
650 0 4 |a Podnikání a management 
856 4 0 |u https://www.bookport.cz/AccountSaml/SignIn/?idp=https://shibboleth.utb.cz/idp/shibboleth&returnUrl=/kniha/rozhovory-v-manazerske-praxi-15910/  |y Dostupné v BOOKPORT po přihlášení pomocí eduID